000 00724 a2200265 4500
260 _aRome
100 _aFAO
440 _n149
260 _bOrganisation des Nations Unies pour l'Alimentation et l'Agriculture
245 _aAméliorer la foresterie pour réduire la pauvreté : Manuel du praticien
300 _a74p. : couv.ill. en coul.
650 _aFORET
650 _aFORESTERIE
650 _aPAUVRETE
260 _c2007
300 _b25cm
130 _lFR
440 _aFAO
690 _aAMELIORATION DU NIVEAU DE VIE
440 _x1014-2894
020 _a978-92-5-205550-1
999 _c32605
_d32605